[Event "EU-ch 10th"]
[Site "Budva"]
[Date "2009.03.16"]
[Round "10"]
[White "Zhigalko, Sergei"]
[Black "Anisimov, Pavel"]
[Result "1-0"]
[WhiteElo "2587"]
[BlackElo "2488"]
[PlyCount "163"]
[EventDate "2009.03.06"]
[EventType "swiss"]
[EventRounds "11"]
[EventCountry "MNE"]
[SourceTitle "CBM 130"]
[Source "ChessBase"]
[SourceDate "2009.05.20"]
[SourceVersion "1"]
[SourceVersionDate "2009.05.20"]
[SourceQuality "1"]

1. e4 c5 2. Nf3 Nc6 3. Bb5 d6 4. O-O Bd7 5. Re1 Nf6 6. c3 a6 7. Bf1 Bg4 8. h3 Bh5 9. d3 e6 10. Bf4 Be7 11. Nbd2 O-O 12. g4 Bg6 13. Bg3 b5 14. Nh4 Nd7 15. Ng2 e5 16. Ne3 Re8 17. Nf5 Nf8 18. Bg2 Ne6 19. Nf1 Bf8 20. N1e3 f6 21. Nd5 Bf7 22. Qd2 Nc7 23. Nxc7 Qxc7 24. g5 g6 25. Nh6+ Bxh6 26. gxh6 g5 27. h4 Qd8 28. Qe3 b4 29. Red1 Rb8 30. Rd2 bxc3 31. bxc3 Be6 32. Kh1 Qe7 33. Rg1 g4 34. f4 gxf3 35. Bxf3 Kh8 36. h5 Rg8 37. Bh4 Rxg1+ 38. Qxg1 Rg8 39. Qf1 Qf7 40. Rb2 Rf8 41. Qb1 Bc8 42. Rg2 Rg8 43. a3 Rxg2 44. Kxg2 Kg8 45. Qb6 Qb7 46. Qxb7 Bxb7 47. Bxf6 Kf7 48. Bg5 Bc8 49. Kf2 Be6 50. Ke3 Ke8 51. Bd1 Kf7 52. Ba4 Bd7 53. Kd2 Nb8 54. Bd1 Nc6 55. Be2 a5 56. Bd1 Nb8 57. Bd8 Nc6 58. Bb6 Ke7 59. Bb3 Be8 60. Ba4 Bd7 61. Bb5 Be8 62. a4 Bd7 63. Ke3 Be8 64. Kf2 Bd7 65. Kg3 Be8 66. Kh4 Bd7 67. Kg5 Be8 68. Kg4 Bd7+ 69. Kh4 Be8 70. Kg5 Bd7 71. Bc7 Be8 72. Bc4 Nd8 73. Bxd8+ Kxd8 74. Kf6 Bxh5 75. Bg8 Bg6 76. Kg7 Ke7 77. Bxh7 Bxh7 78. Kxh7 c4 79. dxc4 Kf7 80. c5 d5 81. c6 Ke7 82. Kg7 1-0

[Event "Lake Sevan"]
[Site "Martuni"]
[Date "2009.07.11"]
[Round "2"]
[White "Jumabayev, Rinat"]
[Black "Zhigalko, Sergei"]
[Result "1-0"]
[WhiteElo "2550"]
[BlackElo "2621"]
[PlyCount "85"]
[EventDate "2009.07.10"]
[EventType "tourn"]
[EventRounds "9"]
[EventCountry "ARM"]
[EventCategory "14"]
[SourceTitle "CBM 132"]
[Source "ChessBase"]
[SourceDate "2009.09.16"]
[SourceVersion "1"]
[SourceVersionDate "2009.09.16"]
[SourceQuality "1"]

1. Nf3 d5 2. d4 c6 3. c4 e6 4. Qc2 dxc4 5. Qxc4 Nf6 6. Bg5 b5 7. Qc2 Bb7 8. e3 Nbd7 9. Nbd2 a6 10. a4 Bb4 11. Be2 O-O 12. O-O h6 13. Bxf6 Qxf6 14. Nb3 Rfd8 15. Ne1 c5 16. axb5 axb5 17. Rxa8 Bxa8 18. dxc5 Ne5 19. Nd4 Rc8 20. Bxb5 Bd5 21. c6 Qh4 22. Qe2 Bd6 23. g3 Qd8 24. Nd3 Qb6 25. Rc1 Nf3+ 26. Nxf3 Qxb5 27. Nd4 Qb6 28. e4 Ba2 29. Qe3 Bc7 30. Rc3 Rd8 31. Nc2 Qb5 32. b4 Bb6 33. Qf3 Qa4 34. Ne5 f5 35. Qh5 Qa7 36. c7 Rc8 37. Nc6 Qxc7 38. Ne7+ Qxe7 39. Rxc8+ Kh7 40. exf5 exf5 41. Qxf5+ g6 42. Qf8 Qe5 43. Re8 1-0

[Event "Lake Sevan"]
[Site "Martuni"]
[Date "2009.07.12"]
[Round "3"]
[White "Zhigalko, Sergei"]
[Black "Pashikian, Arman"]
[Result "1/2-1/2"]
[WhiteElo "2621"]
[BlackElo "2650"]
[PlyCount "102"]
[EventDate "2009.07.10"]
[EventType "tourn"]
[EventRounds "9"]
[EventCountry "ARM"]
[EventCategory "14"]
[SourceTitle "CBM 132"]
[Source "ChessBase"]
[SourceDate "2009.09.16"]
[SourceVersion "1"]
[SourceVersionDate "2009.09.16"]
[SourceQuality "1"]

1. e4 e5 2. Nf3 Nc6 3. d4 exd4 4. Nxd4 Bb4+ 5. c3 Bc5 6. Be3 Bb6 7. Qa4 Nf6 8. Nd2 O-O 9. f3 Qe8 10. O-O-O d5 11. Bb5 Bd7 12. Rhe1 dxe4 13. Nxc6 Bxc6 14. Bxc6 Qxc6 15. Qxc6 bxc6 16. Nxe4 Nxe4 17. fxe4 f5 18. exf5 Rxf5 19. Bxb6 axb6 20. Re7 Rxa2 21. Kb1 Raa5 22. Rxc7 Rad5 23. Re1 h5 24. Rxc6 Rd2 25. Rxb6 Rxg2 26. h3 Rg3 27. c4 Rxh3 28. Rc1 Rhf3 29. c5 Rf1 30. Rxf1 Rxf1+ 31. Kc2 h4 32. c6 Rf7 33. b4 h3 34. Ra6 h2 35. Ra1 Rf6 36. c7 Rc6+ 37. Kb3 Rxc7 38. Rh1 g5 39. Rxh2 Kg7 40. b5 Kg6 41. Kb4 g4 42. b6 Rb7 43. Kc5 Kg5 44. Kc6 Rb8 45. Kc7 Rg8 46. b7 g3 47. Rd2 Kh4 48. b8=Q Rxb8 49. Kxb8 Kh3 50. Kc7 g2 51. Rxg2 Kxg2 1/2-1/2

[Event "Lake Sevan"]
[Site "Martuni"]
[Date "2009.07.13"]
[Round "4"]
[White "Zhigalko, Sergei"]
[Black "Berkes, Ferenc"]
[Result "1/2-1/2"]
[WhiteElo "2621"]
[BlackElo "2647"]
[PlyCount "85"]
[EventDate "2009.07.10"]
[EventType "tourn"]
[EventRounds "9"]
[EventCountry "ARM"]
[EventCategory "14"]
[SourceTitle "CBM 132"]
[Source "ChessBase"]
[SourceDate "2009.09.16"]
[SourceVersion "1"]
[SourceVersionDate "2009.09.16"]
[SourceQuality "1"]

1. e4 c6 2. d4 d5 3. e5 Bf5 4. Nf3 e6 5. Be2 c5 6. Be3 Qb6 7. Nc3 Nc6 8. dxc5 Bxc5 9. Bxc5 Qxc5 10. Nb5 Kf8 11. Nbd4 Nge7 12. O-O Be4 13. Re1 h6 14. c3 Qb6 15. b3 Rd8 16. Bd3 Bxd3 17. Qxd3 g5 18. Rad1 Kg7 19. h4 g4 20. Nh2 Nxd4 21. cxd4 h5 22. Qd2 Ng6 23. g3 Rc8 24. f3 gxf3 25. Nxf3 Rcf8 26. Rc1 f6 27. Kh1 Rf7 28. exf6+ Rxf6 29. Ne5 Rf5 30. Nxg6 Kxg6 31. Re5 Rhf8 32. Rce1 R8f6 33. Qe3 Kf7 34. Rxf5 Rxf5 35. Qh6 Qa6 36. Kg2 Qxa2+ 37. Kh3 Qf2 38. Qxe6+ Kg7 39. Qe7+ Kg6 40. Qe8+ Kg7 41. Qe7+ Kg6 42. Qe6+ Kg7 43. Qe7+ 1/2-1/2

[Event "Lake Sevan"]
[Site "Martuni"]
[Date "2009.07.14"]
[Round "5"]
[White "Grigoryan, Avetik"]
[Black "Zhigalko, Sergei"]
[Result "0-1"]
[WhiteElo "2504"]
[BlackElo "2621"]
[PlyCount "76"]
[EventDate "2009.07.10"]
[EventType "tourn"]
[EventRounds "9"]
[EventCountry "ARM"]
[EventCategory "14"]
[SourceTitle "CBM 132"]
[Source "ChessBase"]
[SourceDate "2009.09.16"]
[SourceVersion "1"]
[SourceVersionDate "2009.09.16"]
[SourceQuality "1"]

1. d4 Nf6 2. c4 e6 3. Nf3 b6 4. g3 Ba6 5. Qc2 Bb4+ 6. Bd2 Be7 7. e4 d5 8. cxd5 Bxf1 9. Kxf1 exd5 10. e5 Ne4 11. Nc3 Nxd2+ 12. Qxd2 Qd7 13. Kg2 Nc6 14. h4 Nd8 15. Ng5 h6 16. Nh3 Ne6 17. Nf4 O-O-O 18. Rac1 Kb7 19. Ncxd5 Nxf4+ 20. Nxf4 g5 21. hxg5 hxg5 22. Ne2 Qd5+ 23. f3 Rxh1 24. Rxh1 Qxe5 25. Qc2 Qd5 26. Rd1 f5 27. Nc3 Qd7 28. d5 Bd6 29. Ne2 Qh7 30. Rh1 Qg7 31. Nc3 Qe5 32. Qf2 Re8 33. Rd1 a6 34. Rd2 Bc5 35. Qf1 Rh8 36. Rd1 Rh6 37. f4 Qh8 38. Kf3 Rh2 0-1

[Event "Lake Sevan"]
[Site "Martuni"]
[Date "2009.07.15"]
[Round "6"]
[White "Zhigalko, Sergei"]
[Black "Li, Chao B"]
[Result "1-0"]
[WhiteElo "2621"]
[BlackElo "2634"]
[PlyCount "97"]
[EventDate "2009.07.10"]
[EventType "tourn"]
[EventRounds "9"]
[EventCountry "ARM"]
[EventCategory "14"]
[SourceTitle "CBM 132"]
[Source "ChessBase"]
[SourceDate "2009.09.16"]
[SourceVersion "1"]
[SourceVersionDate "2009.09.16"]
[SourceQuality "1"]

1. e4 c5 2. Nf3 d6 3. d4 cxd4 4. Qxd4 Nc6 5. Bb5 Bd7 6. Bxc6 Bxc6 7. Nc3 Nf6 8. Bg5 e6 9. O-O-O Be7 10. Rhe1 O-O 11. Kb1 h6 12. Bh4 Qa5 13. Qd2 Qc5 14. Nd4 Rfc8 15. f3 b5 16. Bf2 b4 17. Nce2 Qa5 18. g4 d5 19. e5 Nd7 20. Nc1 Qd8 21. Nd3 Rab8 22. h4 Bb5 23. f4 Bxd3 24. cxd3 Bxh4 25. f5 Bxf2 26. Qxf2 Qb6 27. g5 b3 28. axb3 exf5 29. e6 fxe6 30. Rxe6 Qc5 31. gxh6 Rb4 32. Rg1 Rxd4 33. Rxg7+ Kh8 34. Rxd7 Rc4 35. Qxc5 R4xc5 36. Ree7 Rc1+ 37. Ka2 Rg1 38. Rxa7 Rf8 39. b4 Kg8 40. b5 Rg6 41. Rg7+ Rxg7 42. Rxg7+ Kh8 43. b6 f4 44. b7 f3 45. Rf7 Rb8 46. b4 f2 47. Rxf2 Rxb7 48. Kb3 Rb6 49. Rf5 1-0

[Event "Lake Sevan"]
[Site "Martuni"]
[Date "2009.07.17"]
[Round "8"]
[White "Zhigalko, Sergei"]
[Black "Ter Sahakyan, Samvel"]
[Result "1/2-1/2"]
[WhiteElo "2621"]
[BlackElo "2480"]
[PlyCount "94"]
[EventDate "2009.07.10"]
[EventType "tourn"]
[EventRounds "9"]
[EventCountry "ARM"]
[EventCategory "14"]
[SourceTitle "CBM 132"]
[Source "ChessBase"]
[SourceDate "2009.09.16"]
[SourceVersion "1"]
[SourceVersionDate "2009.09.16"]
[SourceQuality "1"]

1. e4 c5 2. Nf3 d6 3. d4 cxd4 4. Nxd4 Nf6 5. Nc3 Nc6 6. Bg5 Bd7 7. Qd2 Rc8 8. O-O-O Nxd4 9. Qxd4 Qa5 10. h4 a6 11. f3 h6 12. Bd2 g6 13. Bc4 Qc5 14. Qxc5 Rxc5 15. Bb3 Bg7 16. Be3 Rc8 17. g4 Bc6 18. h5 g5 19. Ne2 Nd7 20. Nd4 Nc5 21. Nf5 Nxb3+ 22. axb3 Be5 23. Bd4 Bf4+ 24. Be3 Be5 25. Bd4 Bf4+ 26. Kb1 f6 27. Bf2 Rd8 28. c4 e6 29. Nd4 Bd7 30. Rd3 Rf8 31. Ne2 Be5 32. Bb6 Rc8 33. Bd4 Ke7 34. Rhd1 Bc6 35. b4 f5 36. exf5 exf5 37. Bxe5 dxe5 38. Re3 fxg4 39. fxg4 Bf3 40. Rxe5+ Kf6 41. Re3 Bxg4 42. Rd6+ Kf7 43. Rxh6 Rxc4 44. Ng3 Rxb4 45. Rh7+ Kf6 46. Rh6+ Kf7 47. Rh7+ Kf6 1/2-1/2

[Event "Enschede Twente op"]
[Site "Enschede"]
[Date "2009.07.31"]
[Round "1"]
[White "Zhigalko, Sergei"]
[Black "Van Oosterom, Chiel"]
[Result "1-0"]
[WhiteElo "2621"]
[BlackElo "2402"]
[PlyCount "63"]
[EventDate "2009.07.31"]
[EventType "swiss"]
[EventRounds "9"]
[EventCountry "NED"]
[SourceTitle "CBM 131 Extra"]
[Source "ChessBase"]
[SourceDate "2009.09.03"]
[SourceVersion "2"]
[SourceVersionDate "2009.09.16"]
[SourceQuality "1"]

1. e4 c5 2. Nf3 d6 3. d4 cxd4 4. Qxd4 Nf6 5. Nc3 a6 6. Bc4 Nc6 7. Qd3 e6 8. Bf4 Qc7 9. O-O-O Ng4 10. Bxd6 Bxd6 11. Qxd6 Qxd6 12. Rxd6 Nxf2 13. Re1 Ng4 14. e5 Ke7 15. Rd2 h5 16. h3 Nh6 17. Ne4 b5 18. Bd3 Nb4 19. Nd6 Nxa2+ 20. Kb1 Nb4 21. Be4 Ra7 22. c3 Nd5 23. Bxd5 exd5 24. Rxd5 Rc7 25. Nxc8+ Rhxc8 26. e6 fxe6 27. Nd4 Kf7 28. Rxe6 b4 29. cxb4 Rb7 30. Rxa6 Rxb4 31. Rd7+ Kg8 32. Nc6 1-0

[Event "Enschede Twente op"]
[Site "Enschede"]
[Date "2009.08.02"]
[Round "3"]
[White "Zhigalko, Sergei"]
[Black "Iotov, Valentin Dimitrov"]
[Result "1-0"]
[WhiteElo "2621"]
[BlackElo "2603"]
[PlyCount "59"]
[EventDate "2009.07.31"]
[EventType "swiss"]
[EventRounds "9"]
[EventCountry "NED"]
[SourceTitle "CBM 131 Extra"]
[Source "ChessBase"]
[SourceDate "2009.09.03"]
[SourceVersion "2"]
[SourceVersionDate "2009.09.16"]
[SourceQuality "1"]

1. e4 c5 2. Nf3 e6 3. c3 Nf6 4. e5 Nd5 5. Bc4 d6 6. d4 cxd4 7. cxd4 Nc6 8. Qe2 Be7 9. O-O O-O 10. Re1 Bd7 11. Nc3 Nxc3 12. bxc3 dxe5 13. dxe5 Qc7 14. Qe4 Rfd8 15. Ng5 g6 16. Qh4 h5 17. Qf4 Rf8 18. Bb3 Rad8 19. Nf3 Rfe8 20. Ng5 Rf8 21. Qg3 Kg7 22. Bf4 Bc8 23. h4 Qa5 24. Bc2 Rg8 25. Re3 Bd7 26. Ne4 Rh8 27. Nf6 Bxf6 28. exf6+ Kxf6 29. Bc7 b6 30. Rf3+ 1-0

[Event "Enschede Twente op"]
[Site "Enschede"]
[Date "2009.08.03"]
[Round "4"]
[White "Moranda, Wojciech"]
[Black "Zhigalko, Sergei"]
[Result "1/2-1/2"]
[WhiteElo "2545"]
[BlackElo "2621"]
[PlyCount "22"]
[EventDate "2009.07.31"]
[EventType "swiss"]
[EventRounds "9"]
[EventCountry "NED"]
[SourceTitle "CBM 131 Extra"]
[Source "ChessBase"]
[SourceDate "2009.09.03"]
[SourceVersion "2"]
[SourceVersionDate "2009.09.16"]
[SourceQuality "1"]

1. d4 Nf6 2. c4 e6 3. g3 Bb4+ 4. Bd2 c5 5. Bxb4 cxb4 6. Bg2 d5 7. Nd2 Nc6 8. Ngf3 O-O 9. Rc1 Qa5 10. Qb3 Bd7 11. O-O Rac8 1/2-1/2

[Event "Enschede Twente op"]
[Site "Enschede"]
[Date "2009.08.04"]
[Round "5"]
[White "Zhigalko, Sergei"]
[Black "Gopal, Geetha Narayanan"]
[Result "1/2-1/2"]
[WhiteElo "2621"]
[BlackElo "2575"]
[PlyCount "136"]
[EventDate "2009.07.31"]
[EventType "swiss"]
[EventRounds "9"]
[EventCountry "NED"]
[SourceTitle "CBM 131 Extra"]
[Source "ChessBase"]
[SourceDate "2009.09.03"]
[SourceVersion "2"]
[SourceVersionDate "2009.09.16"]
[SourceQuality "1"]

1. e4 c5 2. Nf3 d6 3. d4 cxd4 4. Nxd4 Nf6 5. Nc3 a6 6. Be3 e5 7. Nb3 Be6 8. Qd2 Nbd7 9. O-O-O b5 10. f3 Be7 11. g4 O-O 12. Rg1 Nb6 13. g5 Nfd7 14. f4 exf4 15. Bxf4 Ne5 16. Qg2 Qc7 17. Nd4 Rac8 18. Kb1 Qb7 19. Bxe5 dxe5 20. g6 hxg6 21. Nxe6 fxe6 22. Qxg6 Bf6 23. Rd6 Rc6 24. Rxc6 Qxc6 25. Bd3 Nc4 26. Rg3 Nd6 27. a3 Qe8 28. Qg4 Qf7 29. a4 Rb8 30. h4 Kf8 31. h5 Ke7 32. Bf1 Rh8 33. Bh3 Rxh5 34. Rd3 Rg5 35. Qd1 Qg6 36. Rxd6 Rg1 37. Bf1 Rxf1 38. Rxe6+ Kxe6 39. Qxf1 Qe8 40. axb5 axb5 41. Nxb5 Qc6 42. Nc3 Qc5 43. Qa6+ Kf7 44. Qb7+ Kg6 45. Qd7 Qf2 46. Qd1 Qe3 47. Qf1 Bg5 48. Qf5+ Kh6 49. Qe6+ Bf6 50. Qd7 Bg5 51. Qc6+ g6 52. Ka2 Qd4 53. Nb5 Qa4+ 54. Kb1 Bf4 55. Qd5 Kh5 56. Qd1+ Kh4 57. Qh1+ Kg3 58. Nc3 Qa6 59. Qg1+ Kf3 60. Qh1+ Kg3 61. Nd5 g5 62. Nb4 Qe2 63. Nd3 g4 64. b4 Qf3 65. Qe1+ Kh2 66. b5 g3 67. b6 g2 68. b7 g1=Q 1/2-1/2

[Event "Enschede Twente op"]
[Site "Enschede"]
[Date "2009.08.05"]
[Round "6"]
[White "Zhigalko, Sergei"]
[Black "Burg, Twan"]
[Result "1-0"]
[WhiteElo "2621"]
[BlackElo "2422"]
[PlyCount "49"]
[EventDate "2009.07.31"]
[EventType "swiss"]
[EventRounds "9"]
[EventCountry "NED"]
[SourceTitle "CBM 131 Extra"]
[Source "ChessBase"]
[SourceDate "2009.09.03"]
[SourceVersion "2"]
[SourceVersionDate "2009.09.16"]
[SourceQuality "1"]

1. e4 c5 2. Nc3 d6 3. g3 Nc6 4. Bg2 g6 5. d3 Bg7 6. f4 e5 7. Nh3 h5 8. f5 gxf5 9. O-O Nge7 10. Bg5 f6 11. Bh4 Be6 12. Nd5 Rh6 13. Qd2 Qd7 14. Qxh6 Bxh6 15. Nxf6+ Kd8 16. Nxd7 Kxd7 17. Bg5 Bg7 18. Bxe7 Nxe7 19. Ng5 fxe4 20. Nxe6 Kxe6 21. Bh3+ Kd5 22. Rf7 Bf8 23. dxe4+ Kxe4 24. Raf1 Ng6 25. Bf5+ 1-0

[Event "Enschede Twente op"]
[Site "Enschede"]
[Date "2009.08.06"]
[Round "7"]
[White "Pruijssers, Roeland"]
[Black "Zhigalko, Sergei"]
[Result "0-1"]
[WhiteElo "2401"]
[BlackElo "2621"]
[PlyCount "60"]
[EventDate "2009.07.31"]
[EventType "swiss"]
[EventRounds "9"]
[EventCountry "NED"]
[SourceTitle "CBM 131 Extra"]
[Source "ChessBase"]
[SourceDate "2009.09.03"]
[SourceVersion "2"]
[SourceVersionDate "2009.09.16"]
[SourceQuality "1"]

1. e4 c5 2. Nf3 Nc6 3. d4 cxd4 4. Nxd4 Nf6 5. Nc3 e5 6. Ndb5 d6 7. Nd5 Nxd5 8. exd5 Nb8 9. c4 Be7 10. Bd3 a6 11. Nc3 O-O 12. O-O f5 13. f3 Nd7 14. Be3 Bg5 15. Bf2 Qf6 16. Na4 Qh6 17. Qe2 e4 18. fxe4 Ne5 19. Bd4 Bf4 20. g3 fxe4 21. Qxe4 Nxd3 22. Qxd3 Bf5 23. Qb3 Bd2 24. Rf2 Bh3 25. Qd3 Rxf2 26. Bxf2 Rf8 27. Rd1 Ba5 28. Bb6 Bxb6+ 29. Nxb6 Qf6 30. Qe2 h5 0-1

[Event "Enschede Twente op"]
[Site "Enschede"]
[Date "2009.08.07"]
[Round "8"]
[White "Zhigalko, Sergei"]
[Black "Ringoir, Tanguy"]
[Result "1-0"]
[WhiteElo "2621"]
[BlackElo "2406"]
[PlyCount "37"]
[EventDate "2009.07.31"]
[EventType "swiss"]
[EventRounds "9"]
[EventCountry "NED"]
[SourceTitle "CBM 131 Extra"]
[Source "ChessBase"]
[SourceDate "2009.09.03"]
[SourceVersion "2"]
[SourceVersionDate "2009.09.16"]
[SourceQuality "1"]

1. e4 c6 2. d4 d5 3. e5 c5 4. dxc5 e6 5. a3 Bxc5 6. Qg4 Ne7 7. b4 Bb6 8. Nf3 Kf8 9. Bd3 h6 10. h4 a5 11. Bb2 axb4 12. axb4 Rxa1 13. Bxa1 Nbc6 14. O-O Nf5 15. Na3 Nce7 16. h5 g6 17. hxg6 fxg6 18. Nb5 Rh7 19. Nd6 1-0

[Event "Wch U20"]
[Site "Puerto Madryn"]
[Date "2009.10.22"]
[Round "1"]
[White "Zhigalko, Sergei"]
[Black "Blit, Jacques"]
[Result "1/2-1/2"]
[WhiteElo "2646"]
[BlackElo "2350"]
[PlyCount "120"]
[EventDate "2009.10.22"]
[EventType "swiss"]
[EventRounds "13"]
[EventCountry "ARG"]
[SourceTitle "EXT 2010"]
[Source "ChessBase"]
[SourceDate "2010.11.25"]
[SourceVersion "1"]
[SourceVersionDate "2010.11.25"]
[SourceQuality "1"]

1. e4 d6 2. d4 Nf6 3. Nc3 g6 4. Nf3 Bg7 5. h3 O-O 6. Be3 a6 7. a4 b6 8. e5 Nfd7 9. exd6 cxd6 10. d5 Qc7 11. Be2 e5 12. dxe6 fxe6 13. O-O Nf6 14. Qd4 Nbd7 15. Bf4 Ne8 16. Qe3 Ndf6 17. Rad1 e5 18. Bh2 Bd7 19. Ne1 Bc6 20. f4 e4 21. g4 Qb7 22. f5 gxf5 23. Rxf5 Rd8 24. Ng2 d5 25. g5 d4 26. Rxd4 Nd5 27. Rxf8+ Kxf8 28. Qf2+ Qf7 29. Qxf7+ Kxf7 30. Rxd5 Rxd5 31. Nxd5 Bxd5 32. b3 Bd4+ 33. Kf1 Bb7 34. Bg1 Bxg1 35. Kxg1 Kg6 36. h4 Nd6 37. Ne3 Nf5 38. Ng2 Nd4 39. Bd1 b5 40. axb5 axb5 41. Kf2 Nf5 42. Nf4+ Kf7 43. h5 h6 44. gxh6 Nxh6 45. b4 Kf6 46. c3 Nf5 47. Bg4 Nd6 48. Be2 Bc6 49. Bg4 Kg5 50. Kg3 e3 51. Ne6+ Kh6 52. Nc5 Kg5 53. Be2 Nf5+ 54. Kh3 Ne7 55. Ne6+ Kh6 56. Nd4 Nd5 57. Nf5+ Kg5 58. Nd4 Nxc3 59. Kg3 Be8 60. Kf3 Bxh5+ 1/2-1/2

[Event "Wch U20"]
[Site "Puerto Madryn"]
[Date "2009.10.23"]
[Round "3"]
[White "Zhigalko, Sergei"]
[Black "Karthikeyan, Pandian"]
[Result "1-0"]
[WhiteElo "2646"]
[BlackElo "2449"]
[PlyCount "71"]
[EventDate "2009.10.22"]
[EventType "swiss"]
[EventRounds "13"]
[EventCountry "ARG"]
[SourceTitle "EXT 2010"]
[Source "ChessBase"]
[SourceDate "2010.11.25"]
[SourceVersion "1"]
[SourceVersionDate "2010.11.25"]
[SourceQuality "1"]

1. e4 e5 2. Nf3 Nc6 3. Bb5 a6 4. Ba4 Nf6 5. O-O b5 6. Bb3 Bc5 7. a4 Rb8 8. c3 d6 9. d4 Bb6 10. a5 Ba7 11. h3 O-O 12. Be3 exd4 13. cxd4 Ne7 14. Nbd2 Bb7 15. Qc2 Ng6 16. Rfe1 h6 17. e5 Nd5 18. Rad1 Kh8 19. Bxd5 Bxd5 20. Ne4 Re8 21. Nh2 dxe5 22. dxe5 Bxe3 23. Rxe3 Rxe5 24. Nf3 Re7 25. b4 Rd7 26. Nc5 Rd6 27. Rde1 Qf6 28. Ne5 Rbd8 29. Nxg6+ fxg6 30. Qc3 Qxc3 31. Rxc3 Rc6 32. Rd3 Rdd6 33. Nb7 Bc4 34. Nxd6 Bxd3 35. Re8+ Kh7 36. Nf7 1-0

[Event "Wch U20"]
[Site "Puerto Madryn"]
[Date "2009.10.24"]
[Round "4"]
[White "Swiercz, Dariusz"]
[Black "Zhigalko, Sergei"]
[Result "0-1"]
[WhiteElo "2492"]
[BlackElo "2646"]
[PlyCount "72"]
[EventDate "2009.10.22"]
[EventType "swiss"]
[EventRounds "13"]
[EventCountry "ARG"]
[SourceTitle "EXT 2010"]
[Source "ChessBase"]
[SourceDate "2010.11.25"]
[SourceVersion "1"]
[SourceVersionDate "2010.11.25"]
[SourceQuality "1"]

1. d4 d5 2. c4 e6 3. Nc3 c6 4. e3 Bd6 5. Bd3 f5 6. Nge2 Nf6 7. f3 O-O 8. Qc2 Kh8 9. Bd2 Qe7 10. O-O dxc4 11. Bxc4 Nbd7 12. Bd3 Nb6 13. e4 fxe4 14. Nxe4 Nxe4 15. fxe4 Rxf1+ 16. Rxf1 e5 17. dxe5 Bxe5 18. Ng3 Qd6 19. Bc3 Be6 20. Nf5 Bxh2+ 21. Kh1 Bxf5 22. Rxf5 Nd7 23. Rf7 Ne5 24. Rxg7 Kxg7 25. Kxh2 Kg6 26. Bxe5 Qxe5+ 27. Kh1 Rd8 28. Be2 Kg7 29. Qb3 Qxe4 30. Qxb7+ Kh8 31. Qf7 Qh4+ 32. Kg1 Qd4+ 33. Kh1 Qxb2 34. Qe7 Qa1+ 35. Kh2 Qd4 36. Bd3 Qd6+ 0-1

[Event "Wch U20"]
[Site "Puerto Madryn"]
[Date "2009.10.29"]
[Round "8"]
[White "Zhigalko, Sergei"]
[Black "Iturrizaga Bonelli, Eduardo"]
[Result "1/2-1/2"]
[WhiteElo "2646"]
[BlackElo "2605"]
[PlyCount "83"]
[EventDate "2009.10.22"]
[EventType "swiss"]
[EventRounds "13"]
[EventCountry "ARG"]
[SourceTitle "EXT 2010"]
[Source "ChessBase"]
[SourceDate "2010.11.25"]
[SourceVersion "1"]
[SourceVersionDate "2010.11.25"]
[SourceQuality "1"]

1. e4 c5 2. Nf3 d6 3. d4 cxd4 4. Qxd4 a6 5. Bc4 Nc6 6. Qd3 g6 7. Nc3 Bg7 8. Bb3 Nf6 9. Bg5 O-O 10. O-O-O Qa5 11. Bd2 Qc7 12. Kb1 b5 13. Bg5 Be6 14. Nd5 Nxd5 15. exd5 Bf5 16. Qe2 Na5 17. Nd4 Bxd4 18. Rxd4 Nxb3 19. axb3 Qc5 20. Be3 Rfc8 21. Rc1 e5 22. dxe6 Bxe6 23. Qd2 Rc6 24. Rc4 Qd5 25. Rxc6 Qxc6 26. Bd4 Qd5 27. Qf4 Qf5 28. Qxd6 Bxb3 29. Bc3 h5 30. h3 Be6 31. Rd1 Kh7 32. Qd4 Rg8 33. g4 Qf3 34. b3 a5 35. Re1 a4 36. gxh5 gxh5 37. Rxe6 fxe6 38. Qd7+ Kg6 39. Qxe6+ Kh7 40. Bf6 Qd1+ 41. Kb2 Rg1 42. Qf5+ 1/2-1/2

[Event "Wch U20"]
[Site "Puerto Madryn"]
[Date "2009.10.30"]
[Round "9"]
[White "Zhigalko, Sergei"]
[Black "Li, Chao B"]
[Result "1-0"]
[WhiteElo "2646"]
[BlackElo "2617"]
[PlyCount "41"]
[EventDate "2009.10.22"]
[EventType "swiss"]
[EventRounds "13"]
[EventCountry "ARG"]
[SourceTitle "EXT 2010"]
[Source "ChessBase"]
[SourceDate "2010.11.25"]
[SourceVersion "1"]
[SourceVersionDate "2010.11.25"]
[SourceQuality "1"]

1. e4 e5 2. Nf3 Nf6 3. d4 Nxe4 4. Bd3 d5 5. Nxe5 Nd7 6. Nxd7 Bxd7 7. O-O Bd6 8. Nc3 Nxc3 9. bxc3 Qh4 10. g3 Qh3 11. Rb1 O-O-O 12. c4 dxc4 13. Qf3 c6 14. Bxc4 Be6 15. d5 cxd5 16. Bxd5 Bxd5 17. Qxd5 Rd7 18. Qa5 a6 19. Qc3+ Kb8 20. Be3 Qg4 21. Qc6 1-0

[Event "Wch U20"]
[Site "Puerto Madryn"]
[Date "2009.10.31"]
[Round "10"]
[White "Olszewski, Michal"]
[Black "Zhigalko, Sergei"]
[Result "0-1"]
[WhiteElo "2544"]
[BlackElo "2646"]
[PlyCount "82"]
[EventDate "2009.10.22"]
[EventType "swiss"]
[EventRounds "13"]
[EventCountry "ARG"]
[SourceTitle "EXT 2010"]
[Source "ChessBase"]
[SourceDate "2010.11.25"]
[SourceVersion "1"]
[SourceVersionDate "2010.11.25"]
[SourceQuality "1"]

1. d4 d5 2. c4 c6 3. Nf3 e6 4. e3 Bd6 5. Bd3 f5 6. O-O Nf6 7. b3 Qe7 8. Bb2 O-O 9. Nc3 Ne4 10. Ne2 Nd7 11. Ne5 Nxe5 12. dxe5 Bc5 13. Bd4 Ba3 14. Rb1 b6 15. Bb2 Bxb2 16. Rxb2 Bb7 17. f3 Nc5 18. Nd4 Rad8 19. b4 Nxd3 20. Qxd3 dxc4 21. Qxc4 Rd5 22. f4 Rc8 23. Rd2 c5 24. bxc5 bxc5 25. Nb3 Rxd2 26. Nxd2 Bd5 27. Qc3 Qb7 28. Nc4 Rb8 29. Rc1 h6 30. Qc2 Qa6 31. h3 Rb4 32. Nd6 Qa3 33. Qxc5 Qxa2 34. Rc2 Rb2 35. Qc8+ Kh7 36. Ne8 Qb1+ 37. Kh2 Rb8 38. Nf6+ Kg6 39. Qc7 gxf6 40. exf6 Qb7 41. Qd6 Rc8 0-1

[Event "Wch U20"]
[Site "Puerto Madryn"]
[Date "2009.11.01"]
[Round "11"]
[White "Zhigalko, Sergei"]
[Black "Andreikin, Dmitry"]
[Result "1/2-1/2"]
[WhiteElo "2646"]
[BlackElo "2659"]
[PlyCount "41"]
[EventDate "2009.10.22"]
[EventType "swiss"]
[EventRounds "13"]
[EventCountry "ARG"]
[SourceTitle "EXT 2010"]
[Source "ChessBase"]
[SourceDate "2010.11.25"]
[SourceVersion "1"]
[SourceVersionDate "2010.11.25"]
[SourceQuality "1"]

1. e4 c5 2. c3 Qa5 3. Nf3 Nc6 4. Na3 Nf6 5. e5 Nd5 6. Bc4 e6 7. O-O Nc7 8. Bd3 b5 9. Be4 Bb7 10. d4 cxd4 11. cxd4 h6 12. Bd2 Qa6 13. Nc2 Ne7 14. Bd3 Qb6 15. a4 bxa4 16. Ne3 Bd5 17. Rxa4 Nc6 18. Nxd5 Nxd5 19. Qe2 Qb8 20. Ne1 Nce7 21. Qe4 1/2-1/2